|
|
|
|
| LEADER |
01307nam a2200349Ia 4500 |
| 001 |
EBC291581 |
| 003 |
MiAaPQ |
| 005 |
20200520144314.0 |
| 006 |
m o d | |
| 007 |
cr cn||||||||| |
| 008 |
000815s2007 enk s 000 0 eng d |
| 020 |
|
|
|z 9781846633409
|
| 035 |
|
|
|a (MiAaPQ)EBC291581
|
| 035 |
|
|
|a (Au-PeEL)EBL291581
|
| 035 |
|
|
|a (CaPaEBR)ebr10172257
|
| 035 |
|
|
|a (CaONFJC)MIL84727
|
| 035 |
|
|
|a (OCoLC)182530724
|
| 040 |
|
|
|a MiAaPQ
|c MiAaPQ
|d MiAaPQ
|
| 050 |
|
4 |
|a HB195
|b .M55 2007
|
| 245 |
0 |
0 |
|a Militarization and international business
|h [electronic resource] /
|c guest editors Peter Stokes, Ryan Bishop and John Phillips.
|
| 260 |
|
|
|a Bradford, England :
|b Emerald Group Publishing,
|c c2007.
|
| 300 |
|
|
|a 103 p.
|
| 490 |
0 |
|
|a critical perspectives on international business ;
|v 3, no. 1
|
| 533 |
|
|
|a Electronic reproduction. Ann Arbor, MI : ProQuest, 2015. Available via World Wide Web. Access may be limited to ProQuest affiliated libraries.
|
| 650 |
|
0 |
|a Civil-military relations.
|
| 650 |
|
0 |
|a Militarism
|x Economic aspects.
|
| 655 |
|
4 |
|a Electronic books.
|
| 700 |
1 |
|
|a Stokes, Peter.
|
| 700 |
1 |
|
|a Bishop, Ryan.
|
| 700 |
1 |
|
|a Phillips, John.
|
| 710 |
2 |
|
|a ProQuest (Firm)
|
| 856 |
4 |
0 |
|u https://ebookcentral.proquest.com/lib/matrademy/detail.action?docID=291581
|z Click to View
|